| Tag |
First Indicator |
Second Indicator |
Subfields |
| LEADER |
00000cam a2200000 a 4500 |
| 001 |
in00000068883 |
| 005 |
20151008050846.0 |
| 008 |
720131s1961 iaua b 10100 engm |
| 010 |
|
|
|a 60016602
|
| 035 |
|
|
|a (OCoLC)00230972
|
| 035 |
|
|
|9 AAG3866AM
|
| 040 |
|
|
|a DLC
|c WSU
|d OCL
|d m.c.
|d TXA
|d UtOrBLW
|
| 049 |
|
|
|a TXAM
|c 1 [330996], 2 [455459], 3 [272078]
|
| 050 |
0 |
0 |
|a HD1691
|b .S9 1950
|
| 111 |
2 |
|
|a Symposium on the Economics of Watershed Planning
|d (1959 :
|c Knoxville, Tennssee)
|
| 245 |
1 |
0 |
|a Economics of watershed planning /
|c edited by G.S. Tolley and F.E. Riggs. [Sponsored by the Southeast Land Tenure Research Committee, the Farm Foundation, and the Tennessee Valley Authority].
|
| 264 |
|
1 |
|a Ames :
|b Iowa State University Press,
|c [1961]
|
| 264 |
|
4 |
|c ©1961
|
| 300 |
|
|
|a ix, 339 pages :
|b illustrations ;
|c 24 cm.
|
| 336 |
|
|
|a text
|b txt
|2 rdacontent
|
| 337 |
|
|
|a unmediated
|b n
|2 rdamedia
|
| 338 |
|
|
|a volume
|b nc
|2 rdacarrier
|
| 504 |
|
|
|a Bibliographical footnotes and index.
|
| 650 |
|
0 |
|a Watersheds.
|
| 650 |
|
0 |
|a Water resources development.
|
| 700 |
1 |
|
|a Tolley, George S.,
|d 1925-
|
| 700 |
1 |
|
|a Riggs, F. E.
|q (Fletcher Eugene)
|
| 740 |
0 |
|
|a Watershed planning.
|
| 999 |
|
|
|a MARS
|
| 999 |
f |
f |
|s 7bd3ede8-a7b3-3eaa-af52-8833178a4c1b
|i f7703d34-b6fd-33fe-a515-c9052144074c
|t 0
|
| 952 |
f |
f |
|p normal
|a Texas A&M University
|b College Station
|c Sterling C. Evans Library
|s Evans stk
|d Evans: Library Stacks
|t 0
|e HD1691 .S9 1950
|h Library of Congress classification
|i unmediated -- volume
|m A14807871603
|
| 998 |
f |
f |
|a HD1691 .S9 1950
|t 0
|l Evans: Library Stacks
|